Modern Day Countries of the Italian Empire on a map - Statistics

General Stats
  • This quiz has been taken 1,937 times
  • The average score is 17 of 17
Answers on the Map
Answers color-coded by a green-red scale on the quiz's map according to % correct below.
 
Answer Stats
Answer % Correct
Italy
100%
Albania
99%
Egypt
99%
Greece
99%
Libya
99%
Tunisia
99%
Croatia
98%
Ethiopia
98%
France
98%
Kosovo
98%
Slovenia
98%
Somalia
98%
Bosnia and Herzegovina
97%
Montenegro
97%
San Marino
97%
Eritrea
96%
Monaco
96%
No matching quizzes found
Score Distribution
Percent of People with Each Score
Percentile by Number Answered
Your Score History
You have not taken this quiz